| 000 | 00345nam a2200133Ia 4500 | ||
|---|---|---|---|
| 008 | 240624s9999 xx 000 0 und d | ||
| 041 | _aeng | ||
| 082 | _a339.46091724 PRA | ||
| 100 | _aPRAHALAD C K | ||
| 245 | _aFORTUNE AT THE BOTTOM OF THE PYRAMID | ||
| 260 |
_c2005 _aDelhi _bPearson Education |
||
| 300 | _axix, , 401 , 24 : cm | ||
| 365 | _cRS | ||
| 999 |
_c1885 _d1885 |
||